000 00526nam a2200181Ia 4500
008 240925s9999 xx 000 0 und d
020 _a132683199
082 _a004.0218 CAR
100 _aCargill ,Carl F.
245 0 _aOpen Systems Standardization: a business approach
250 _aNA
260 _aNew Jersey:
_bPrintice- Hall Int.
_c,1997.
300 _aVarious pages
_bNA
_fOriginal
500 _aIncludes Index
600 _aComputer Science
650 _aComputer science, information & general works
942 _cBK
999 _c4985
_d4985